Vista normal
Vista MARC
Entrada Personal Name
Número de registros utilizados en: 1
001 - CONTROL NUMBER
- control field: 6994
003 - CONTROL NUMBER IDENTIFIER
- control field: DLC
005 - DATE AND TIME OF LATEST TRANSACTION
- control field: 20200806154335.0
008 - FIXED-LENGTH DATA ELEMENTS
- fixed length control field: 810312n| azannaabn |a aaa
010 ## - LIBRARY OF CONGRESS CONTROL NUMBER
- LC control number: n 81017871
035 ## - SYSTEM CONTROL NUMBER
- System control number: (OCoLC)oca00563714
040 ## - CATALOGING SOURCE
- Original cataloging agency: DLC
- Language of cataloging: spa
- Description conventions: rda
- Transcribing agency: Mx-PuUPA
- Modifying agency: HU
- Modifying agency: Mx-PuUPA
046 ## - SPECIAL CODED DATES
- Birth date: 1926-10-11
- Source of date scheme: edtf
100 1# - HEADING--PERSONAL NAME
- Personal name: Brewbaker, James L.,
370 ## - ASSOCIATED PLACE
- Other associated place: Hawaii
- Associated country: United States
- Source of term: naf
372 ## - FIELD OF ACTIVITY
- Field of activity: Maíz - Cría
- Field of activity: Maíz - Genética
- Field of activity: Leucaena
- Field of activity: Árbol de plomo
- Field of activity: Koa
- Field of activity: Genética cuantitativa
- Source of term: lcsh
373 ## - ASSOCIATED GROUP
- Associated group: University of Hawaii at Manoa
- Associated group: Cornell University
- Source of term: naf
374 ## - OCCUPATION
- Occupation: Horticultor
- Occupation: Profesor universitario
- Source of term: lcsh
375 ## - GENDER
- Gender: hombre
- Source of term: lcdgt
377 ## - ASSOCIATED LANGUAGE
- Language code: eng
378 ## - FULLER FORM OF PERSONAL NAME
- Fuller form of personal name: James Lynn
400 1# - SEE FROM TRACING--PERSONAL NAME
- Personal name: Brewbaker, J. L.
400 1# - SEE FROM TRACING--PERSONAL NAME
- Personal name: Brewbaker, James Lynn
670 ## - SOURCE DATA FOUND
- Source citation: His Agricultural genetics, 1964.
670 ## - SOURCE DATA FOUND
- Source citation: Chung, J. H. Effects of increas. popul. dens. on the prod. of corn in Hawaii, 1981:
- Information found: t.p. (James L. Brewbaker) CIP data sheet (b. 10/11/26)
670 ## - SOURCE DATA FOUND
- Source citation: Sweet corn, 1973:
- Information found: page 2 (James L. Brewbaker, horticulturist)
670 ## - SOURCE DATA FOUND
- Source citation: College of Tropical Agriculture and Human Resources, University of Hawaiʻi at Mānoa website, March 5, 2018
- Information found: (James L. Brewbaker, emeritus, Department of Tropical Plant and Soil Sciences; professional interests: field corn genetics and breeding, supersweet (vegetable) corn genetics and breeding, leucaena (koa haole) genetic improvement, acacia koa genetic improvement, quantitative genetic and experimental design theory; Ph.D., 1948-1952, Cornell University, plant breeding and biometry)
670 ## - SOURCE DATA FOUND
- Source citation: OCLC, March 6, 2018
- Information found: (access points: Brewbaker, James L.; Brewbaker, James; Brewbaker, J. L.; Brewbaker, J.; Brewbaker, James Lynn; Brewbaker, James L. (James Lynn); Brewbaker, James Lynn, 1926- ; usages: James L. Brewbaker, James Brewbaker, J.L. Brewbaker, James Lynn Brewbaker)